| 000 | 01023nam0a22003011 4500 | ||
|---|---|---|---|
| 001 | rc\4917276 | ||
| 005 | 20250613040655.0 | ||
| 021 |
_aRU _b[63-34014] |
||
| 035 | _a(NLR Aleph) 008938857 | ||
| 090 |
_a8932790 _c8932790 |
||
| 100 | _a20130426d1963 |||y0rusy50 ca | ||
| 101 | 0 | _arus | |
| 102 | _aRU | ||
| 105 | _ay z ||||| | ||
| 200 | 1 | _aНовый этап в развитии КПСС | |
| 210 |
_aНальчик _cКабард.-Балкар. кн. изд-во _d1963 |
||
| 215 |
_a72 с. _d17 |
||
| 300 | _aПеред загл. авт.: Х.Г. Берикетов, канд. ист. наук | ||
| 320 | _aБиблиогр.: с. 69-72 | ||
| 601 | 0 | 2 |
_aКПСС _2psbo |
| 606 |
_aКоммунистическое строительство в СССР _2psbo |
||
| 606 |
_aСоциализм и коммунизм _2psbo |
||
| 700 | 1 |
_aБерикетов _bХ.Г. _gХажумар Гидович |
|
| 801 | 0 |
_aRU _bNLR _gpsbo |
|
| 801 | 1 |
_aRU _bELAR _2rusmarc |
|
| 852 |
_aNLR _j63-2/1584 |
||
| 942 | _cBOOK | ||
| 980 | _aNB | ||